01165nam a2200265Ia 4500003000900000008004100009020001800050040001600068080002200084111010900106245023700215260006100452300001600513490003400529650003300563650004000596650003400636650001500670700003200685700003200717700002700749942000700776999001700783952009900800IN-BaIIA211028s9999 xx 000 0 eng d a1-58381-106-0 cIIA Library a082.2:52bASP-266 aWorkshop on Astronomical Site Evaluation in the Visible and Radio RangecMoraccod2000 Nov. 13-17928225 0aAstronomical site evaluation in the visible and radio rangebproceedings of a workshop held in Marrakech, Moracco, 13-17 Nov 2000cedited by J. Vernin, Z. Benkhaldoun and C. Munoz-Tunon  aSan FranciscobAstronomical Society of the Pacificc2002 axxiv, 615p. aASP conference series; v. 266 aAstroclimatic station928226 aAstronomical site evaluation928227 aAtmospheric turbulance928228 aGSM928229 aBenkhaldoun, Z., ed.928230 aMunoz-Tunon, C., ed.920090 aVernin, J., ed.928231 cBK c15302d15302 00104070aBANbBANcGENd2003-08-01l0o082.2:52/ ASP-266p16224r2021-11-05w2003-08-01yBK